000 00492nam a2200181Ia 4500
999 _c2790
_d2790
008 200103s 2005 ||||xx |||||||||||||| ||und||
082 _a623.8503
_bGOK
100 _aGokhale, Vikram
245 0 _aMarine electrotechnology and electronics
260 _aMumbai
_bWallem Shipmanagement Ltd.
_c2005
300 _a283 p.: ill.
440 _aNG
650 _aMagnetism
650 _aElectromagnetism
650 _aNavigation Lighting
700 _aNanda, N.
_eCo-author
942 _cBK